Statistics for Top 10 Formula One Drivers Starting With 'V'

Click here to take the quiz!

General Stats

  • This quiz has been taken 43 times
  • The average score is 7 of 10

Answer Stats

Lp.NationalityCareerDriver% Correct
8Dutch1994-2003Jos Verstappen
100%
2Dutch2015-Max Verstappen
100%
1German2007-2022Sebastian Vettel
98%
4Canadian1977-1982Gilles Villeneuve
95%
3Canadian1996-2006Jacques Villeneuve
95%
10Belgian2016-2018Stoffel Vandoorne
83%
9French2012-2014Jean-Eric Vergne
63%
5German1956-1961Wolfgang Von Trips
51%
6American1951-1955Bill Vukovich
39%
7Italian1950-1956Luigi Villoresi
24%

Score Distribution

Percentile by Number Answered

Percent of People with Each Score

Your Score History

You have not taken this quiz